00882nam a2200217 a 4500003000500000005001700005008004100022020001800063040001400081100001100095245006100106246002700167260006200194300002900256500016800285504002000453505010700473600002400580650004100604700001900645CDMR20231018130514.0140319s2014 spco ||c 000 0|cat|d a9788415118794 bcatcCDMR0 aColita10aColita fotografía, Barcelona c/ [text: Laura Terré]32aColita, perquè sí! aBarcelona :bFundació Catalunya-La Pedrera, ccop. 2014 a183 p. :bfotos ;c28 cm aEs reprodueix la fotografia del Gran Gilbert a la Bodega Bohèmia (1963), del Fons Colita del Centre de Documentació i Museu de les Arts Esceniques (MAE), p. 73 aBiobibliografia aCatàleg de l'exposició "Colita, perquè sí!", La Pedrera, Barcelona, 11 març a 13 juliol 201404aColitaxExposicions 4aFotògrafeszCatalunyavExposicions1 aTerré, Laura